Score 0/60 Timer 05:00
8 Plays Today
% Correct
Armstrong
97.8%
Buddhism
93.7%
Hinduism
93.3%
Lizard
92.7%
Snake
92.2%
Ale
90.6%
Tightrope Walker
89.9%
Islam
89.7%
Tallahassee
89.3%
Jacksonville
88.9%
Aldrin
88.6%
Madonna
88.5%
Ringmaster
88.5%
Lion Tamer
87.8%
Miami
86.6%
Tortoise
86.1%
Stout
84.2%
Bewitched
83.9%
Prince
83.7%
Facebook
83.2%
Pilsner
82.9%
Wilma
82.2%
Trident
82.2%
Mustard
81.3%
Penne
81.1%
Bamm-Bamm
80.7%
Twitter
80.6%
Linguine
80.4%
Dentyne
79.3%
LinkedIn
79%
% Correct
Plum
78.2%
DiMaggio
77.5%
Sting
76.8%
Gravity
75.7%
Mister Ed
75%
Scarlett
74.9%
Chiclets
74.6%
Orange
73.9%
Grape
73.6%
Curling
72.9%
Strawberry
72.7%
Luge
67.9%
Biathlon
67.8%
And
67.7%
Gehrig
66.9%
Pitt
66.8%
Daltrey
66.8%
Nor
66.7%
That Girl
65.8%
Yet
65.7%
Townshend
65.1%
Ziti
63.5%
Elysium
62%
Cheadle
59.4%
Shepard
58.1%
Mr. Slate
58.1%
Rush
56.5%
Rizzuto
45.5%
Gould
43.7%
Entwistle
43.6%
Remove Ads.
Support Sporcle.
Get the best of Sporcle when you Go Orange. This ad-free experience offers more features, more stats, and more fun while also helping to support Sporcle. Thank you for becoming a member.

You're not logged in!

Compare scores with friends on all Sporcle quizzes.
OR
Log In

Show Comments

Extras

Top Quizzes Today


Score Distribution

Your Account Isn't Verified!

In order to create a playlist on Sporcle, you need to verify the email address you used during registration. Go to your Sporcle Settings to finish the process.

Report this User

Report this user for behavior that violates our Community Guidelines.

Details: